000 00351nam a2200145Ia 4500
003 OSt
005 20240302124707.0
008 170524s9999 xx 000 0 und d
020 _a978-8189582173
040 _ciimtu meerut
100 _aDEVI- MEENA
245 0 _aFUNDAMENTAL OF MASS MEDIA AND COMMERCE
260 _bNEW DELHI: ALPHA
942 _2ddc
_c02
999 _c9432
_d9432